Evaluation of project time and cost management in the construction industry of Pakistan/ (Record no. 229797)
[ view plain ]
| 000 -LEADER | |
|---|---|
| fixed length control field | 00649nam a22001937a 4500 |
| 003 - CONTROL NUMBER IDENTIFIER | |
| control field | Nust |
| 005 - DATE AND TIME OF LATEST TRANSACTION | |
| control field | 20241030160254.0 |
| 008 - FIXED-LENGTH DATA ELEMENTS--GENERAL INFORMATION | |
| fixed length control field | 170216b xxu||||| |||| 00| 0 eng d |
| 040 ## - CATALOGING SOURCE | |
| Transcribing agency | Nust-MCE |
| 082 ## - DEWEY DECIMAL CLASSIFICATION NUMBER | |
| Classification number | 200 |
| 100 ## - MAIN ENTRY--PERSONAL NAME | |
| Personal name | Sayyed Awais Ullah |
| 9 (RLIN) | 48193 |
| 245 ## - TITLE STATEMENT | |
| Title | Evaluation of project time and cost management in the construction industry of Pakistan/ |
| Statement of responsibility, etc. | Sayyed Awais Ullah |
| 260 ## - PUBLICATION, DISTRIBUTION, ETC. | |
| Place of publication, distribution, etc. | Risalpur |
| Name of publisher, distributor, etc. | MCE NUST; |
| Date of publication, distribution, etc. | c2014 |
| 300 ## - PHYSICAL DESCRIPTION | |
| Extent | 49 p.: |
| 650 ## - SUBJECT ADDED ENTRY--TOPICAL TERM | |
| Topical term or geographic name entry element | MS-Construction Engineering and Management |
| 9 (RLIN) | 126573 |
| 700 ## - ADDED ENTRY--PERSONAL NAME | |
| Personal name | Supervisor:Dr. Sarfraz Ahmed |
| 9 (RLIN) | 126593 |
| 856 ## - ELECTRONIC LOCATION AND ACCESS | |
| Uniform Resource Identifier | <a href=" http://10.250.8.41:8080/xmlui/handle/123456789/11792"> http://10.250.8.41:8080/xmlui/handle/123456789/11792</a> |
| 942 ## - ADDED ENTRY ELEMENTS (KOHA) | |
| Koha item type | Soft Copy |
| Source of classification or shelving scheme | |
| Withdrawn status | Lost status | Source of classification or shelving scheme | Damaged status | Not for loan | Permanent Location | Current Location | Shelving location | Date acquired | Full call number | Barcode | Date last seen | Price effective from | Koha item type |
|---|---|---|---|---|---|---|---|---|---|---|---|---|---|
| Central Library (CL) | Central Library (CL) | Thesis | 10/28/2020 | 200 | CL-T-6420 | 10/28/2020 | 10/28/2020 | Soft Copy |
